Biblioteca y Centro de Documentación

1ª Jornadas Servicios Jurídicos de CC.OO. (Registro nro. 3220)

Detalles MARC
000 -CABECERA
Longitud fija campo de control 01177nam a2200325 c 4500
001 - NÚMERO DE CONTROL
Número de control 3220
003 - IDENTIFICADOR DE NÚMERO DE CONTROL
Identificador del número de control ES-MaCES
005 - FECHA Y HORA DE LA ÚLTIMA TRANSACCIÓN
Fecha y hora de la última transacción 20200226040005.0
008 - CAMPO FIJO DE DESCRIPCIÓN FIJA--INFORMACIÓN GENERAL
Códigos de información de longitud fija   950731s1995 sp ||| | spa d
035 ## - NÚMERO DE CONTROL DEL SISTEMA
Número de control del sistema CES19980032432m
040 ## - FUENTE DE CATALOGACIÓN
Centro catalogador de origen ES-MaCES
Lengua de catalogación spa
Centro transcriptor ES-MaCES
110 2# - ENCABEZAMIENTO PRINCIPAL--NOMBRE CORPORATIVO
Nombre de entidad corporativa o nombre de jurisdicción como elemento inicial Comisiones Obreras
Unidad subordinada Gabinete de Estudios Jurídicos
-- Jornadas
Número del congreso o número de parte o sección de la obra
Fecha del congreso o de la firma de un tratado 1995
Sede del congreso Madrid
9 (RLIN) 2132
245 10 - MENCIÓN DE TÍTULO
Título 1ª Jornadas Servicios Jurídicos de CC.OO.
Resto del título : 'nuestro mejor servicio'
Mención de responsabilidad, etc. [organiza, Secretaría Confederal de Servicios, Confederación Sindical de CC.OO]
260 ## - PUBLICACIÓN, DISTRIBUCIÓN, ETC (PIE DE IMPRENTA)
Lugar de publicación, distribución, etc. [Madrid]
Nombre del editor, distribuidor, etc. CC.OO.
Fecha de publicación, distribución, etc. [1995?]
300 ## - DESCRIPCIÓN FÍSICA
Extensión 35 p.
Dimensiones 30 cm
500 ## - NOTA GENERAL
Nota general Tit. tomado de la cub.
541 ## - NOTA DE LA FUENTE INMEDIANTE DE ADQUISICIÓN
Forma de adquisición Gratuito
610 27 - ASIENTO SECUNDARIO DE MATERIA--NOMBRE CORPORATIVO
Nombre de entidad corporativa o nombre de jurisdicción como elemento inicial Comisiones Obreras
Fuente de encabezamiento o término
9 (RLIN) 2105
650 #4 - ASIENTO SECUNDARIO DE MATERIA--TÉRMINO DE MATERIA
Término de materia o nombre geográfico como elemento inicial asesoramiento jurídico
9 (RLIN) 29004
650 #4 - ASIENTO SECUNDARIO DE MATERIA--TÉRMINO DE MATERIA
Término de materia o nombre geográfico como elemento inicial actitud sindical
9 (RLIN) 29839
650 #4 - ASIENTO SECUNDARIO DE MATERIA--TÉRMINO DE MATERIA
Término de materia o nombre geográfico como elemento inicial clase trabajadora
9 (RLIN) 27300
650 #4 - ASIENTO SECUNDARIO DE MATERIA--TÉRMINO DE MATERIA
Término de materia o nombre geográfico como elemento inicial reclamación
9 (RLIN) 28266
650 #4 - ASIENTO SECUNDARIO DE MATERIA--TÉRMINO DE MATERIA
Término de materia o nombre geográfico como elemento inicial pub sindical
9 (RLIN) 29546
653 10 - TÉRMINO DE INDEXACIÓN--NO CONTROLADO
Término no controlado Relaciones laborales-Empleo
650 #4 - ASIENTO SECUNDARIO DE MATERIA--TÉRMINO DE MATERIA
9 (RLIN) 28377
Término de materia o nombre geográfico como elemento inicial sindicato
710 2# - ENCABEZAMIENTO SECUNDARIO--NOMBRE CORPORATIVO
Nombre de entidad o nombre de jurisdicción como elemento inicial Comisiones Obreras
Unidad subordinada Secretaría Confederal de Servicios
Término indicativo de función ed.
9 (RLIN) 2145
902 ## - CES. TIPO DE DOCUMENTO
Tipodoc (006$c Sirtex) DOC Literatura gris
942 ## - ELEMENTOS KOHA
Fuente de clasificaión o esquema Clasificación propia del CES
Koha [por defecto] tipo de item Monografías
Parte de clasificación 2.0.
Existencias
Número de registro Signatura completa Tipo de item de Koha
009980 DOC-2.0.-115 Monografías
© CES, Consejo Económico y Social de España 2021